| 000 | 00000nam##2200000za#4500 |
| 001 | 9.569746 |
| 003 | CaOODSP |
| 005 | 20210624181920 |
| 007 | cr ||||||||||| |
| 008 | 150406|2007||||xxc|||||o f|0| 0 eng|d |
| 040 | |aCaOODSP|beng |
| 043 | |an-cn--- |
| 086 | 1 |aNH18-1/284-6-2007E-PDF |
| 110 | 2 |aCanada Mortgage and Housing Corporation. |
| 245 | 10|aDrainage and retention of water by cladding systems. Part 6, : |h[electronic resource]|bAir flow characteristics of drainage cavities / |cby Donald M. Onysko and Constance Thivierge. |
| 260 | |aOttawa - Ontario : |bCanada Mortgage and Housing Corporation |c30 March 2007. |
| 300 | |a42p.|bfigs. (some coloured), graphs, tables, photographs |
| 490 | 1 |aResearch report |
| 500 | |aPart 6 of 8. |
| 546 | |a(Résumé en français.) |
| 590 | |a11-26-Supp|b2011-11-03 |
| 720 | 1 |aOnysko, Donald M. |
| 720 | 1 |aThivierge, Constance |
| 830 | #0|aResearch report (Canada Mortgage and Housing Corporation : Online)|w(CaOODSP)9.506068 |
| 856 | 40|ahttp://publications.gc.ca|qPDF|s1.15 MB|uhttps://publications.gc.ca/collections/collection_2011/schl-cmhc/nh18-1/NH18-1-284-6-2007-eng.pdf |